书目信息 |
| 题名: |
工笔禽鸟画法
|
|
| 作者: | 刘文斌 绘 | |
| 分册: | 二 | |
| 出版信息: | 天津 天津杨柳青画社 2008.04 |
|
| 页数: | 33页 | |
| 开本: | 29cm | |
| 丛书名: | 中国画技法丛书 | |
| 单 册: | ||
| 中图分类: | J212.27 | |
| 科图分类: | ||
| 主题词: | 工笔画--gong bi hua--花鸟画--技法 (美术) | |
| 电子资源: | ||
| ISBN: | 978-7-80738-307-9 | |
| 000 | 00952nam 2200253 450 | |
| 001 | 012008928082 | |
| 005 | 20080703115551.56 | |
| 010 | @a978-7-80738-307-9@dCNY32.00 | |
| 100 | @a20080627d2008 em y0chiy0120 ea | |
| 101 | 0 | @achi |
| 102 | @aCN@b120000 | |
| 105 | @aa z 000yy | |
| 106 | @ar | |
| 200 | 1 | @a工笔禽鸟画法@Agong bi qin niao hua fa@h二@f刘文斌绘@Fliu wen bin hui |
| 210 | @a天津@c天津杨柳青画社@d2008.04 | |
| 215 | @a33页@c图@d29cm | |
| 225 | 2 | @a中国画技法丛书@Azhong guo hua ji fa cong shu |
| 330 | @a本书立足于学习者的艺术素养和实际技能,对工笔禽鸟画法的步骤、用笔、用墨方法作了简要介绍,使学习者易懂、易学,易于操作。全书内容循序渐进、重点讲解、步骤演示,对于美术爱好者来说是一个不错的参考读物。 | |
| 410 | 0 | @12001 @a中国画技法丛书 |
| 606 | 0 | @a工笔画@Agong bi hua@x花鸟画@x技法 (美术) |
| 690 | @aJ212.27@v4 | |
| 701 | 0 | @a刘文斌@Aliu wen bin@4绘 |
| 801 | 0 | @aCN@bQSSK@c20080703 |
| 905 | @b730736-38@dJ212.27@eL680:2@f3 | |
| 工笔禽鸟画法.二/刘文斌绘.-天津:天津杨柳青画社,2008.04 |
| 33页:图;29cm.-(中国画技法丛书) |
| ISBN 978-7-80738-307-9:CNY32.00 |
| 本书立足于学习者的艺术素养和实际技能,对工笔禽鸟画法的步骤、用笔、用墨方法作了简要介绍,使学习者易懂、易学,易于操作。全书内容循序渐进、重点讲解、步骤演示,对于美术爱好者来说是一个不错的参考读物。 |
| ● |
| 相关链接 |
|
|
|
正题名:工笔禽鸟画法
索取号:J212.27/L680:2
 
预约/预借
| 序号 | 登录号 | 条形码 | 馆藏地/架位号 | 状态 | 备注 |
| 1 | 730736 | 207307369 | 社科库309/309社科库 69排3列2层/ [索取号:J212.27/L680:2] | 在馆 | |
| 2 | 730737 | 207307378 | 自科二线404/309社科库 69排3列5层/ [索取号:J212.27/L680:2] | 在馆 | |
| 3 | 730738 | 207307387 | 社科库309/309社科库 69排3列2层/ [索取号:J212.27/L680:2] | 在馆 |